Homenaje a Pablo Martínez del Río en el vigésimoquinto aniversario de la primera edición de "Los orígenes americanos" /

En este homenaje al historiador Pablo Martínez del Río, se han compilado una serie de estudios cuyo tema principal es la historia de México. La obra se encuentra dividida por temás más específicos: prehistoria, antropología física, arqueología, etnografía e historia.

Salvato in:
Dettagli Bibliografici
Altri autori: Maldonado-Koerdell, Manuel (presentación) (presentación)
Natura: Libro
Lingua:spagnolo
Pubblicazione: México : INAH, 1961, c1961
Soggetti:
Tags: Aggiungi Tag
Nessun Tag, puoi essere il primo ad aggiungerne!!

MARC

LEADER 00000nam^a2200000^a^4500
001 000136314
005 20250521000000.0
009 20260310095315.584
037 |a Acervo ITESO - Biblioteca 
041 |a ESP 
082 |a 972.  |b HOM 
245 0 0 |a Homenaje a Pablo Martínez del Río en el vigésimoquinto aniversario de la primera edición de "Los orígenes americanos" /  |c Presen. de M. Maldonado-Koerdell. 
264 4 |a México :  |b INAH,  |c 1961, c1961 
300 |a 520 p. 
336 |a texto  |b txt  |2 rdacontenido 
337 |a sin mediación  |b n  |2 rdamedio 
338 |a volumen  |b nc  |2 rdasoporte 
520 |a En este homenaje al historiador Pablo Martínez del Río, se han compilado una serie de estudios cuyo tema principal es la historia de México. La obra se encuentra dividida por temás más específicos: prehistoria, antropología física, arqueología, etnografía e historia. 
649 |a XX 
650 |a Historiadores Mexicanos -  |x Homenajes 
650 |a Prehistoria -  |z México 
650 |a Antropología Física -  |z México 
650 |a Arqueología -  |z México 
650 |a Etnografía -  |z México 
650 |a México -  |x Historia 
700 |a Maldonado-Koerdell, Manuel  |e (presentación) 
910 |a Fondo Salvador Reynoso Reynoso 
920 |a Impresos - Libros 
930 |a Fondos Especiales 
905 |a 112 
901 |a 0800013825  |b IT2  |c ESP  |u 20250521 
902 |a https://opac.biblio.iteso.mx/vufind/Record/000136314